Central Library OPAC University of Rajshahi

Macroeconomics / (Record no. 52201)

MARC details
000 -LEADER
fixed length control field 00891pam a2200277 i 4500
001 - CONTROL NUMBER
control field 52201
003 - CONTROL NUMBER IDENTIFIER
rucl marc code BD-RjUL
005 - DATE AND TIME OF LATEST TRANSACTION
control field 20211209075752.0
008 - FIXED-LENGTH DATA ELEMENTS--GENERAL INFORMATION
fixed length control field 160906r20052004nyua 00110 eng
020 ## - INTERNATIONAL STANDARD BOOK NUMBER
International Standard Book Number 0070594074
035 ## - SYSTEM CONTROL NUMBER
System control number (BD-RjUL)
040 ## - CATALOGING SOURCE
Original cataloging agency DLC
Transcribing agency DLC
Modifying agency m.c.
-- BD-RjUL
Language of cataloging eng
041 ## - LANGUAGE CODE
Language code of text/sound track or separate title eng
082 ## - DEWEY DECIMAL CLASSIFICATION NUMBER
Edition number 23
Classification number 339
Author mark and year DOM 2005
100 1# - MAIN ENTRY--PERSONAL NAME
Personal name Dornbusch, Rudiger
9 (RLIN) 5987
245 10 - TITLE STATEMENT
Title Macroeconomics /
Statement of responsibility, etc. Rudiger Dornbusch, Stanley Fischer, Richard Startz
250 ## - EDITION STATEMENT
Edition statement 9th ed., Tata McGraw-Hill Reprint ed.
260 ## - PUBLICATION, DISTRIBUTION, ETC. (IMPRINT)
Place of publication, distribution, etc. New Delhi :
Name of publisher, distributor, etc. Tata McGraw-Hill publishing co. Ltd.,
Date of publication, distribution, etc. c2004 [Reprint 2005]
300 ## - PHYSICAL DESCRIPTION
Pagination viii, 613 p. :
Illustrations ill. ;
Size 24 cm.
500 ## - GENERAL NOTE
General note Includes index.
650 #0 - SUBJECT ADDED ENTRY--TOPICAL TERM
Topical term or geographic name as entry element Macroeconomics.
9 (RLIN) 5854
Topical term or geographic name as entry element National income
General subdivision Accounting.
9 (RLIN) 5988
700 ## - ADDED ENTRY--PERSONAL NAME
Personal name Fischer, Stanley, jt. auth.
Personal name Startz, Richard, jt. auth.
942 ## - ADDED ENTRY ELEMENTS (KOHA)
Source of classification or shelving scheme Dewey Decimal Classification
Koha item type Books
Holdings
Lost status Source of classification or shelving scheme Damaged status Not for loan Collection code Permanent Location Current Location Shelving location Date acquired Source of acquisition Cost, normal purchase price Total Checkouts Full call number Date last seen Copy number Koha item type
  Dewey Decimal Classification   Not For Loan Non-fiction Central Library, University of Rajshahi Central Library, University of Rajshahi Reading Room 07/05/2008 Mallik and brothers 620.00   339 DOM 2005 06/09/2016 C-1 Books